[Event "VL18/19"]
[Site "Mecklenburg-Vorpommern"]
[Date "2018.10.21"]
[Round "1.6"]
[White "Bress, Aaron"]
[Black "Hartzendorf, Jonathan"]
[Result "1-0"]
[WhiteElo "1831"]
[BlackElo "1773"]
[PlyCount "69"]
[EventDate "2018.??.??"]
[EventType "team-tourn"]
[EventRounds "9"]
[EventCountry "GER"]
[WhiteTeam "SAV Torgelow"]
[BlackTeam "SSC Rostock"]
[WhiteTeamCountry "GER"]
[BlackTeamCountry "GER"]

1. e4 c5 2. Nf3 e6 3. d4 cxd4 4. Nxd4 a6 5. Bd3 Qc7 6. O-O Nc6 7. Nxc6 Qxc6 8.
Nc3 b5 9. e5 Bb7 10. Be4 Qc7 11. Bxb7 Qxb7 12. Qd3 Ne7 13. f4 Ng6 14. Ne4 Rc8
15. Be3 Be7 16. Rad1 O-O 17. c3 Rc4 18. Bd4 Rfc8 19. g4 Qb8 20. Qg3 Qb7 21. Qf3
Qb8 22. Qg3 Qb7 23. Nd2 Rxd4 24. cxd4 Rc2 25. f5 Qd5 26. fxg6 Qxd4+ 27. Kh1
Rxd2 28. Rxd2 Qxd2 29. gxf7+ Kf8 30. Qf3 d5 31. exd6 Qxd6 32. Rd1 Qc7 33. Qa8+
Kxf7 34. Rf1+ Kg6 35. Qe8+ 1-0

[Event "VL18/19"]
[Site "Mecklenburg-Vorpommern"]
[Date "2018.10.21"]
[Round "1.7"]
[White "Schulze, Christoph"]
[Black "Troemer, Felix"]
[Result "0-1"]
[WhiteElo "1641"]
[BlackElo "1808"]
[PlyCount "110"]
[EventDate "2018.??.??"]
[EventType "team-tourn"]
[EventRounds "9"]
[EventCountry "GER"]
[WhiteTeam "SSC Rostock"]
[BlackTeam "SAV Torgelow"]
[WhiteTeamCountry "GER"]
[BlackTeamCountry "GER"]

1. e4 c5 2. Nf3 e6 3. c3 d5 4. e5 Qb6 5. d4 Nc6 6. Be2 Nge7 7. dxc5 Qxc5 8. Be3
Qa5 9. O-O Ng6 10. Re1 Be7 11. b4 Qc7 12. b5 Ncxe5 13. Nxe5 Nxe5 14. b6 axb6
15. Bf4 Nf3+ 16. Bxf3 Qxf4 17. Qe2 Qd6 18. Nd2 O-O 19. c4 Bf6 20. Rad1 Rxa2 21.
Qd3 Ra3 22. Qc2 Qc5 23. Rb1 Rc3 24. Qa4 Rd8 25. cxd5 Bd7 26. Qa7 Bd4 27. Ne4
Ra3 28. Qxb7 Qc8 29. Qxc8 Rxc8 30. dxe6 Bxe6 31. Red1 Bc5 32. Nxc5 bxc5 33.
Rbc1 Kf8 34. Kf1 c4 35. Bd5 Bxd5 36. Rxd5 Ke7 37. Rd4 Ra4 38. Ke2 Ke6 39. Kd2
Ke5 40. Rd7 Ra2+ 41. Ke3 Ke6 42. Rd4 Ra3+ 43. Ke2 Ra4 44. Rc2 Rc7 45. f4 Kf5
46. h3 Re7+ 47. Kf2 Re4 48. Rd5+ Ke6 49. Rh5 h6 50. Kf3 Rd4 51. Re5+ Kd6 52.
Re3 Ra1 53. g3 Rf1+ 54. Ke2 Rh1 55. h4 Rh2+ 0-1

[Event "VL18/19"]
[Site "Mecklenburg-Vorpommern"]
[Date "2018.10.21"]
[Round "1.8"]
[White "Grossmann, Piet"]
[Black "Kallweit, Paul"]
[Result "1/2-1/2"]
[WhiteElo "1688"]
[BlackElo "1740"]
[PlyCount "129"]
[EventDate "2018.??.??"]
[EventType "team-tourn"]
[EventRounds "9"]
[EventCountry "GER"]
[WhiteTeam "SAV Torgelow"]
[BlackTeam "SSC Rostock"]
[WhiteTeamCountry "GER"]
[BlackTeamCountry "GER"]

1. e4 c5 2. Nf3 e6 3. c3 d5 4. e5 Nc6 5. d4 Nge7 6. Be2 Nf5 7. a3 cxd4 8. cxd4
Qb6 9. Nc3 Ncxd4 10. Nxd4 Qxd4 11. Qxd4 Nxd4 12. Bd3 Be7 13. Be3 Nc6 14. Bf4 a6
15. h3 b5 16. b4 Bb7 17. Ne2 Bd8 18. Bg3 Bb6 19. f4 O-O 20. Bf2 Bxf2+ 21. Kxf2
f6 22. exf6 Rxf6 23. Ke3 Re8 24. Rhf1 e5 25. fxe5 Rxf1 26. Rxf1 Nxe5 27. Kd4
Nc4 28. a4 bxa4 29. Rf2 Nd2 30. Nc1 Ne4 31. Ra2 Bc6 32. Bxa6 Rb8 33. Nd3 Rb6
34. b5 Bxb5 35. Bxb5 Rxb5 36. Rxa4 Rb8 37. Ra7 Rd8 38. Rb7 Nd6 39. Rb2 Nf5+ 40.
Ke5 Ne3 41. Kd4 Nc4 42. Rb5 Re8 43. Rxd5 Ne3 44. Re5 Rxe5 45. Kxe5 Nxg2 46. Kf5
Nh4+ 47. Kg4 Ng6 48. Nf2 Kf7 49. Ne4 Ne7 50. Kg5 h6+ 51. Kg4 g6 52. Ng3 Kf6 53.
Ne2 Nd5 54. Kg3 Ke5 55. Kf3 g5 56. Kg4 Nf6+ 57. Kf3 h5 58. Ng3 g4+ 59. hxg4
hxg4+ 60. Kf2 Kf4 61. Ne2+ Kg5 62. Kg2 Nh5 63. Kf2 Nf4 64. Nxf4 Kxf4 65. Kg2
1/2-1/2

[Event "VL18/19"]
[Site "Mecklenburg-Vorpommern"]
[Date "2018.11.11"]
[Round "2.1"]
[White "Pererva, Viktor"]
[Black "Rittemann, Steffen"]
[Result "1/2-1/2"]
[WhiteElo "2080"]
[BlackElo "2136"]
[PlyCount "68"]
[EventDate "2018.??.??"]
[EventType "team-tourn"]
[EventRounds "9"]
[EventCountry "GER"]
[WhiteTeam "SSC Rostock"]
[BlackTeam "SF Schwerin II"]
[WhiteTeamCountry "GER"]
[BlackTeamCountry "GER"]

1. d4 Nf6 2. c4 g6 3. f3 Bg7 4. e4 d6 5. Nc3 O-O 6. Be3 Nc6 7. Nge2 a6 8. Qd2
Rb8 9. Rc1 e5 10. d5 Ne7 11. Ng3 Nd7 12. Be2 Qe8 13. O-O h5 14. b4 Kh7 15. a4
Ng8 16. c5 Bh6 17. c6 bxc6 18. dxc6 Ndf6 19. b5 axb5 20. Nxb5 Qd8 21. Bxh6 Nxh6
22. Rfd1 h4 23. Nf1 Nh5 24. Ne3 Nf4 25. Nd5 Nxd5 26. exd5 Ra8 27. Ra1 Kg7 28.
Rdb1 Rh8 29. a5 Nf5 30. Nc3 h3 31. g3 Ba6 32. Bxa6 Rxa6 33. Rb7 Nd4 34. Qd3 Qf6
1/2-1/2

[Event "VL18/19"]
[Site "Mecklenburg-Vorpommern"]
[Date "2018.11.11"]
[Round "2.3"]
[White "Hodl, Ingolf"]
[Black "Grahl, Arvid"]
[Result "1-0"]
[WhiteElo "1855"]
[BlackElo "2100"]
[PlyCount "85"]
[EventDate "2018.??.??"]
[EventType "team-tourn"]
[EventRounds "9"]
[EventCountry "GER"]
[WhiteTeam "SSC Rostock"]
[BlackTeam "SF Schwerin II"]
[WhiteTeamCountry "GER"]
[BlackTeamCountry "GER"]

1. g3 g6 2. Bg2 Bg7 3. Nf3 c5 4. d3 Nc6 5. c3 d5 6. Nbd2 e5 7. e4 Nge7 8. O-O
O-O 9. Re1 d4 10. cxd4 cxd4 11. a4 h6 12. Nc4 Be6 13. b3 a6 14. Ba3 b5 15. Bxe7
Qxe7 16. Nb6 Rab8 17. Nd5 Qb7 18. axb5 axb5 19. Qd2 Ne7 20. Nxe7+ Qxe7 21. b4
Rfc8 22. Rec1 Kh7 23. h4 f6 24. Rxc8 Rxc8 25. Ra5 Qd7 26. Ne1 Rc3 27. f4 Bf8
28. Nc2 Bb3 29. Na3 Bxb4 30. Ra6 Qb7 31. Rxf6 Bxa3 32. fxe5 Qe7 33. Qf4 Rc8 34.
h5 Rg8 35. Bh3 Rg7 36. hxg6+ Kg8 37. e6 Bd6 38. e5 Bc5 39. Qxh6 Qc7 40. Qf4 Bd5
41. Rf7 Rxf7 42. gxf7+ Kf8 43. Qh6+ 1-0

[Event "VL18/19"]
[Site "Mecklenburg-Vorpommern"]
[Date "2018.11.11"]
[Round "2.4"]
[White "Heinsohn, Wilfried"]
[Black "Krautschick, Clemens"]
[Result "1-0"]
[WhiteElo "2097"]
[BlackElo "1828"]
[PlyCount "77"]
[EventDate "2018.??.??"]
[EventType "team-tourn"]
[EventRounds "9"]
[EventCountry "GER"]
[WhiteTeam "SF Schwerin II"]
[BlackTeam "SSC Rostock"]
[WhiteTeamCountry "GER"]
[BlackTeamCountry "GER"]

1. e4 e6 2. d3 d5 3. Nd2 Nf6 4. Ngf3 Be7 5. g3 O-O 6. Bg2 Nc6 7. O-O dxe4 8.
dxe4 e5 9. c3 h6 10. Qc2 Be6 11. Re1 a5 12. Bf1 Bc5 13. Bb5 Nd7 14. Nc4 Qf6 15.
Ncd2 Rfd8 16. Kg2 Bg4 17. Be2 Nf8 18. Nf1 Ne6 19. Be3 Bxf3+ 20. Bxf3 Ng5 21.
Bg4 Bxe3 22. Nxe3 Ne7 23. Rad1 g6 24. h4 Ne6 25. h5 gxh5 26. Bxh5 Qg5 27. Bg4
Nf4+ 28. Kf3 h5 29. Bf5 Nxf5 30. exf5 Nh3 31. Rh1 Rxd1 32. Qxd1 e4+ 33. Ke2 Rd8
34. Qf1 Nf4+ 35. gxf4 Qxf4 36. Qg2+ Kf8 37. Rxh5 Rd3 38. Rh8+ Ke7 39. Qg3 1-0

[Event "VL18/19"]
[Site "Mecklenburg-Vorpommern"]
[Date "2018.11.11"]
[Round "2.5"]
[White "Hingst, Silke"]
[Black "Hasselmann, Dieter"]
[Result "0-1"]
[WhiteElo "1844"]
[BlackElo "2075"]
[PlyCount "72"]
[EventDate "2018.??.??"]
[EventType "team-tourn"]
[EventRounds "9"]
[EventCountry "GER"]
[WhiteTeam "SSC Rostock"]
[BlackTeam "SF Schwerin II"]
[WhiteTeamCountry "GER"]
[BlackTeamCountry "GER"]

1. e4 c6 2. d4 d5 3. exd5 cxd5 4. Nf3 Nc6 5. c4 Nf6 6. Nc3 g6 7. Bf4 Be6 8. c5
Bg7 9. Bb5 Bd7 10. O-O O-O 11. Re1 Bg4 12. Bxc6 bxc6 13. h3 Nh5 14. Be5 Bxf3
15. Qxf3 f6 16. Bh2 f5 17. Re6 Rf6 18. Rae1 Rxe6 19. Rxe6 Qd7 20. Qe3 Kf7 21.
Nxd5 cxd5 22. Ra6 Rc8 23. b4 Rc6 24. Rxc6 Qxc6 25. Be5 Bxe5 26. dxe5 Ng7 27.
Qb3 Ne6 28. a3 d4 29. Qc4 Qe4 30. c6 Qe1+ 31. Qf1 Qxe5 32. b5 Qd5 33. g3 d3 34.
a4 d2 35. Qd1 Qd3 36. a5 Qc3 0-1

[Event "VL18/19"]
[Site "Mecklenburg-Vorpommern"]
[Date "2018.11.11"]
[Round "2.6"]
[White "Westphal, Wolfgang"]
[Black "Hartzendorf, Jonathan"]
[Result "1-0"]
[WhiteElo "2075"]
[BlackElo "1773"]
[PlyCount "73"]
[EventDate "2018.??.??"]
[EventType "team-tourn"]
[EventRounds "9"]
[EventCountry "GER"]
[WhiteTeam "SF Schwerin II"]
[BlackTeam "SSC Rostock"]
[WhiteTeamCountry "GER"]
[BlackTeamCountry "GER"]

1. e4 c5 2. Nf3 e6 3. b4 d5 4. exd5 exd5 5. bxc5 Bxc5 6. d4 Bd6 7. Bd3 Ne7 8.
O-O Bf5 9. Bxf5 Nxf5 10. Qd3 Qd7 11. Re1+ Ne7 12. Nc3 O-O 13. Nb5 Nbc6 14. Nxd6
Qxd6 15. Ba3 Qd7 16. Re3 Rfe8 17. Rae1 Ng6 18. g3 Rxe3 19. Qxe3 Na5 20. Nd2 h5
21. h4 Rc8 22. c3 Qa4 23. Bb4 Qxa2 24. Nf3 Nc6 25. Ng5 Nxb4 26. cxb4 Qa6 27.
Qf3 Qf6 28. Qxd5 Rf8 29. Re3 b6 30. Ne4 Qe6 31. Qxh5 Nh8 32. Ng5 Qg6 33. Qe2 f6
34. Qa2+ Nf7 35. Ne6 Rc8 36. Nf4 Qc2 37. Re8+ 1-0

[Event "VL18/19"]
[Site "Mecklenburg-Vorpommern"]
[Date "2018.11.11"]
[Round "2.7"]
[White "Schulze, Christoph"]
[Black "Wandel, Bernd"]
[Result "0-1"]
[WhiteElo "1641"]
[BlackElo "2036"]
[PlyCount "109"]
[EventDate "2018.??.??"]
[EventType "team-tourn"]
[EventRounds "9"]
[EventCountry "GER"]
[WhiteTeam "SSC Rostock"]
[BlackTeam "SF Schwerin II"]
[WhiteTeamCountry "GER"]
[BlackTeamCountry "GER"]

1. e4 c6 2. d4 d5 3. Nc3 dxe4 4. Nxe4 Nf6 5. Nxf6+ gxf6 6. Nf3 Bf5 7. Bd3 Bg6
8. Bf4 e6 9. Bxg6 hxg6 10. Qd2 Bd6 11. O-O-O Qc7 12. Bg3 Nd7 13. Kb1 O-O-O 14.
Bxd6 Qxd6 15. Qa5 Kb8 16. c4 Qf4 17. Rhe1 Nb6 18. Qb4 Qg4 19. Re3 e5 20. h3
Qf5+ 21. Ka1 Qc2 22. Qb3 Qxb3 23. axb3 Rd7 24. Re2 Rhd8 25. Red2 e4 26. Nh2 f5
27. Kb1 Na8 28. Kc2 Nc7 29. g3 Ne6 30. Kc3 Ng5 31. h4 e3 32. fxe3 Ne4+ 33. Kd3
Nxd2 34. Rxd2 f6 35. Nf3 Re7 36. Re2 Rde8 37. Kd2 Kc7 38. Ne1 Kd6 39. Nd3 g5
40. hxg5 fxg5 41. Ne5 Rh7 42. Rf2 Rxe5 43. dxe5+ Kxe5 44. Rg2 g4 45. Kd3 c5 46.
Rg1 a5 47. Re1 Rh3 48. Rg1 Rh2 49. Rd1 Rg2 50. Kc3 Rxg3 51. Rd5+ Ke6 52. Kd3 f4
53. Ke4 f3 54. Rxc5 f2 55. Re5+ 0-1

[Event "VL18/19"]
[Site "Mecklenburg-Vorpommern"]
[Date "2018.11.11"]
[Round "2.8"]
[White "Dittrich, Carsten"]
[Black "Kallweit, Paul"]
[Result "1-0"]
[WhiteElo "1824"]
[BlackElo "1740"]
[PlyCount "99"]
[EventDate "2018.??.??"]
[EventType "team-tourn"]
[EventRounds "9"]
[EventCountry "GER"]
[WhiteTeam "SF Schwerin II"]
[BlackTeam "SSC Rostock"]
[WhiteTeamCountry "GER"]
[BlackTeamCountry "GER"]

1. e4 c5 2. Nc3 e6 3. g3 d5 4. exd5 exd5 5. d4 Nf6 6. Bg2 Be6 7. Nge2 Nc6 8.
O-O Be7 9. Be3 c4 10. Nf4 O-O 11. a3 Qd7 12. Nxe6 fxe6 13. Bh3 Bd6 14. Qe2 Rae8
15. f4 Ne7 16. Qf3 Nf5 17. Bxf5 exf5 18. Nxd5 Qb5 19. Nxf6+ Rxf6 20. Rab1 Rfe6
21. Bf2 Kh8 22. Rfe1 Re4 23. Rxe4 Rxe4 24. Qc3 b6 25. Re1 Rxe1+ 26. Bxe1 Qe8
27. Kf2 Qc6 28. Qf3 Qxf3+ 29. Kxf3 Kg8 30. Bc3 Kf7 31. d5 Bc5 32. g4 g6 33.
gxf5 gxf5 34. a4 Ke7 35. Be5 Kd7 36. Ke2 Bg1 37. h3 Bc5 38. Kd2 Bb4+ 39. Kd1 a6
40. Ke2 Bc5 41. Kf3 b5 42. axb5 axb5 43. Kg3 Be7 44. b3 Bd8 45. bxc4 bxc4 46.
Kf3 Be7 47. Ke3 Bc5+ 48. Bd4 Bb4 49. Ba7 Bc3 50. Bb8 1-0

[Event "VL18/19"]
[Site "Mecklenburg-Vorpommern"]
[Date "2018.11.11"]
[Round "2.1"]
[White "Schmekel, Florian"]
[Black "Luethke, Hans Eckart"]
[Result "1/2-1/2"]
[WhiteElo "2016"]
[BlackElo "2100"]
[PlyCount "46"]
[EventDate "2018.??.??"]
[EventType "team-tourn"]
[EventRounds "9"]
[EventCountry "GER"]
[WhiteTeam "SAV Torgelow"]
[BlackTeam "Graal-Mueritz"]
[WhiteTeamCountry "GER"]
[BlackTeamCountry "GER"]

1. d4 d5 2. c4 dxc4 3. Nc3 a6 4. a4 e5 5. e3 Nc6 6. Nf3 Bg4 7. Bxc4 exd4 8.
exd4 Nf6 9. Be3 Bd6 10. O-O O-O 11. Be2 Nb4 12. Bg5 h6 13. Bh4 Re8 14. Re1 Bxf3
15. gxf3 c6 16. Ne4 Nbd5 17. Bc4 g5 18. Bg3 Bf4 19. Qb3 Qc7 20. Nxf6+ Nxf6 21.
Bxf4 gxf4 22. Kh1 Rxe1+ 23. Rxe1 Re8 1/2-1/2

[Event "VL18/19"]
[Site "Mecklenburg-Vorpommern"]
[Date "2018.11.11"]
[Round "2.2"]
[White "Jansen, Andreas"]
[Black "Lehmann, Ruben"]
[Result "1-0"]
[WhiteElo "2056"]
[BlackElo "1908"]
[PlyCount "91"]
[EventDate "2018.??.??"]
[EventType "team-tourn"]
[EventRounds "9"]
[EventCountry "GER"]
[WhiteTeam "Graal-Mueritz"]
[BlackTeam "SAV Torgelow"]
[WhiteTeamCountry "GER"]
[BlackTeamCountry "GER"]

1. e4 c6 2. d4 d5 3. e5 Bf5 4. h4 h6 5. Bd3 Bxd3 6. Qxd3 e6 7. Nf3 Qa5+ 8. c3
Qa6 9. Qxa6 Nxa6 10. a4 c5 11. Be3 cxd4 12. Nxd4 Nc5 13. Ke2 a6 14. Nd2 Ne7 15.
f4 g6 16. Bf2 h5 17. a5 Rc8 18. Rhc1 Nc6 19. b4 Nd7 20. N2f3 Be7 21. g3 Ndb8
22. Be3 Kd7 23. Nb3 Ke8 24. Nc5 Bxc5 25. Bxc5 Nd7 26. Bd6 Na7 27. Nd4 Rc4 28.
Rab1 Nc8 29. b5 Nxd6 30. exd6 Rc8 31. bxa6 bxa6 32. Rb7 Nc5 33. Re7+ Kf8 34.
Rb1 Kg7 35. Rb6 Rhd8 36. Nf3 Rb8 37. Ne5 Rxb6 38. Rxf7+ Kg8 39. axb6 Rxd6 40.
b7 Rb6 41. Rc7 Nxb7 42. Nxg6 a5 43. g4 e5 44. f5 Nd6 45. f6 hxg4 46. Rg7# 1-0

[Event "VL18/19"]
[Site "Mecklenburg-Vorpommern"]
[Date "2018.11.11"]
[Round "2.3"]
[White "Zentgraf, Robert"]
[Black "Van Bentum, Horst"]
[Result "1/2-1/2"]
[WhiteElo "2105"]
[BlackElo "1945"]
[PlyCount "119"]
[EventDate "2018.??.??"]
[EventType "team-tourn"]
[EventRounds "9"]
[EventCountry "GER"]
[WhiteTeam "SAV Torgelow"]
[BlackTeam "Graal-Mueritz"]
[WhiteTeamCountry "GER"]
[BlackTeamCountry "GER"]

1. d4 Nf6 2. Nf3 e6 3. g3 d5 4. Bg2 Be7 5. O-O O-O 6. c4 Nbd7 7. Nbd2 c6 8. Qc2
b6 9. b3 Bb7 10. Bb2 Rc8 11. Rac1 Qc7 12. Rfd1 Rfd8 13. cxd5 exd5 14. Ne5 Nxe5
15. dxe5 Ne8 16. Nf3 c5 17. Bh3 Ra8 18. Nd4 Bc8 19. Bg2 Qd7 20. Nf3 Bb7 21. e3
Qe6 22. h4 Qg6 23. Ne1 Qxc2 24. Rxc2 f6 25. Rcd2 Nc7 26. Nd3 fxe5 27. Bxe5 Bd6
28. Bb2 Rab8 29. Nf4 Bxf4 30. gxf4 Rd7 31. Be5 Rbd8 32. Bxc7 Rxc7 33. Bxd5+
Bxd5 34. Rxd5 Rxd5 35. Rxd5 Kf7 36. Kg2 Ke6 37. Rd2 c4 38. bxc4 Rxc4 39. Kf3 b5
40. Ke2 a5 41. Kd3 Rc1 42. Rc2 Ra1 43. Rb2 Rd1+ 44. Ke2 Rd5 45. e4 Rc5 46. Kd3
b4 47. f3 Rc3+ 48. Ke2 Ra3 49. Rd2 b3 50. axb3 Rxb3 51. Ra2 Rb5 52. Ke3 Rb3+
53. Ke2 Rb4 54. Ra3 g6 55. Ke3 Kd6 56. Rd3+ Ke6 57. Rd4 Rb3+ 58. Rd3 Rb5 59.
Rd4 Rb3+ 60. Rd3 1/2-1/2

[Event "VL18/19"]
[Site "Mecklenburg-Vorpommern"]
[Date "2018.11.11"]
[Round "2.4"]
[White "Moritz, Hartmut"]
[Black "Ehlers, Michael"]
[Result "0-1"]
[WhiteElo "1917"]
[BlackElo "1850"]
[PlyCount "48"]
[EventDate "2018.??.??"]
[EventType "team-tourn"]
[EventRounds "9"]
[EventCountry "GER"]
[WhiteTeam "Graal-Mueritz"]
[BlackTeam "SAV Torgelow"]
[WhiteTeamCountry "GER"]
[BlackTeamCountry "GER"]

1. e4 c5 2. c3 g6 3. d4 cxd4 4. cxd4 d5 5. exd5 Nf6 6. Bc4 Bg7 7. Nc3 O-O 8.
Nf3 Nbd7 9. Bf4 Nb6 10. Qb3 Bf5 11. Ne5 Rc8 12. d6 Nxc4 13. Nxc4 Be6 14. d5
Nxd5 15. Nxd5 Bxd5 16. Rc1 Bxg2 17. Rg1 Bd5 18. Rg5 Be6 19. Rb5 b6 20. Qb4 Re8
21. Kf1 exd6 22. Nxd6 Bh3+ 23. Kg1 Rxc1+ 24. Bxc1 Qxd6 0-1

[Event "VL18/19"]
[Site "Mecklenburg-Vorpommern"]
[Date "2018.11.11"]
[Round "2.5"]
[White "Bress, Aaron"]
[Black "Simcaks, Sergejs"]
[Result "1-0"]
[WhiteElo "1831"]
[BlackElo "1867"]
[PlyCount "69"]
[EventDate "2018.??.??"]
[EventType "team-tourn"]
[EventRounds "9"]
[EventCountry "GER"]
[WhiteTeam "SAV Torgelow"]
[BlackTeam "Graal-Mueritz"]
[WhiteTeamCountry "GER"]
[BlackTeamCountry "GER"]

1. e4 c5 2. Nf3 d6 3. d4 cxd4 4. Nxd4 Nf6 5. Nc3 g6 6. Be3 Bg7 7. Bc4 O-O 8. f3
Nc6 9. Bb3 Bd7 10. Qd2 Qa5 11. O-O-O Rfc8 12. Kb1 Ne5 13. h4 h5 14. Bh6 Bh8 15.
Nd5 Qd8 16. g4 hxg4 17. h5 e6 18. Nf4 Qe7 19. hxg6 Nxg6 20. Ndxe6 Bxe6 21. Bxe6
Nxf4 22. Bxc8 Ng6 23. Bf5 Qe5 24. c3 Rd8 25. Qg5 Qe8 26. Bxg6 fxg6 27. e5 Nh7
28. Qxg4 Bxe5 29. Rhg1 Nf8 30. f4 Bh8 31. f5 Qe3 32. Bxf8 Bxc3 33. Qxg6+ Kxf8
34. Qg8+ Ke7 35. Qe6+ 1-0

[Event "VL18/19"]
[Site "Mecklenburg-Vorpommern"]
[Date "2018.11.11"]
[Round "2.6"]
[White "Jeske, Holger"]
[Black "Troemer, Felix"]
[Result "1/2-1/2"]
[WhiteElo "1820"]
[BlackElo "1808"]
[PlyCount "67"]
[EventDate "2018.??.??"]
[EventType "team-tourn"]
[EventRounds "9"]
[EventCountry "GER"]
[WhiteTeam "Graal-Mueritz"]
[BlackTeam "SAV Torgelow"]
[WhiteTeamCountry "GER"]
[BlackTeamCountry "GER"]

1. d4 Nf6 2. Nf3 b6 3. Bf4 Bb7 4. c4 d6 5. Nc3 g6 6. h3 Bg7 7. Qc2 O-O 8. e4
Nbd7 9. g4 Re8 10. Rd1 Qc8 11. d5 e6 12. Be2 exd5 13. cxd5 Nc5 14. Nd2 a5 15.
Be3 Nfd7 16. O-O Ba6 17. a3 Bb7 18. Nb5 Nf6 19. Nc3 Re7 20. b4 axb4 21. axb4
Na6 22. Bxa6 Bxa6 23. b5 Bb7 24. Bg5 Re8 25. f3 h5 26. Bxf6 Bxf6 27. Ra1 Qd7
28. Rxa8 Rxa8 29. Rb1 hxg4 30. hxg4 Ra3 31. Ne2 Ra1 32. Rxa1 Bxa1 33. Qa4 Bf6
34. Kg2 1/2-1/2

[Event "VL18/19"]
[Site "Mecklenburg-Vorpommern"]
[Date "2018.11.11"]
[Round "2.7"]
[White "Grossmann, Piet"]
[Black "Schulz, Wolf Detlef"]
[Result "0-1"]
[WhiteElo "1688"]
[BlackElo "1782"]
[PlyCount "48"]
[EventDate "2018.??.??"]
[EventType "team-tourn"]
[EventRounds "9"]
[EventCountry "GER"]
[WhiteTeam "SAV Torgelow"]
[BlackTeam "Graal-Mueritz"]
[WhiteTeamCountry "GER"]
[BlackTeamCountry "GER"]

1. e4 e5 2. Nf3 Nc6 3. d4 exd4 4. Nxd4 Bc5 5. Be3 Qf6 6. c3 Nge7 7. Bc4 Ne5 8.
Bb3 O-O 9. O-O d6 10. h3 Qg6 11. Kh1 Bxh3 12. gxh3 Qxe4+ 13. f3 Qxe3 14. Kg2
N7g6 15. Nd2 Bxd4 16. cxd4 Qxd4 17. Qc2 Qh4 18. Rh1 Nf4+ 19. Kf1 Qg3 20. Ne4
Qxf3+ 21. Nf2 Qg2+ 22. Ke1 Rae8 23. Kd1 Qf3+ 24. Kc1 Ned3+ 0-1

[Event "VL18/19"]
[Site "Mecklenburg-Vorpommern"]
[Date "2018.11.11"]
[Round "2.8"]
[White "Schumann, Lutz"]
[Black "Onasch, Paul"]
[Result "0-1"]
[WhiteElo "1756"]
[BlackElo "1939"]
[PlyCount "78"]
[EventDate "2018.??.??"]
[EventType "team-tourn"]
[EventRounds "9"]
[EventCountry "GER"]
[WhiteTeam "Graal-Mueritz"]
[BlackTeam "SAV Torgelow"]
[WhiteTeamCountry "GER"]
[BlackTeamCountry "GER"]

1. c4 e6 2. g3 Nf6 3. Bg2 d5 4. Nf3 c6 5. O-O Nbd7 6. d3 Bd6 7. Bg5 O-O 8. Nc3
h6 9. Bd2 Qe7 10. Nd4 dxc4 11. dxc4 Nb6 12. b3 e5 13. Nc2 Bf5 14. e4 Bg6 15.
Ne3 Rad8 16. Qc2 Nbd7 17. Rfe1 Nc5 18. Nf5 Qc7 19. b4 Ne6 20. c5 Be7 21. Qb2
Nd4 22. Nxd4 Rxd4 23. Ne2 Rdd8 24. Bc3 Nd7 25. f4 f6 26. Rad1 a5 27. a3 axb4
28. axb4 b6 29. cxb6 Qxb6+ 30. Kh1 c5 31. bxc5 Qxb2 32. Bxb2 Bxc5 33. Rc1 exf4
34. Nxf4 Bf7 35. Bh3 Bb4 36. Re2 Rfe8 37. Rc7 Ne5 38. Kg1 Ba5 39. Rb7 Nc4 {ZÜ}
0-1

[Event "VL18/19"]
[Site "Mecklenburg-Vorpommern"]
[Date "2018.11.11"]
[Round "2.1"]
[White "Wolke, Heiko"]
[Black "Stutz, Reno"]
[Result "1-0"]
[WhiteElo "1961"]
[BlackElo "1956"]
[PlyCount "63"]
[EventDate "2018.??.??"]
[EventType "team-tourn"]
[EventRounds "9"]
[EventCountry "GER"]
[WhiteTeam "SFO Warnemuende"]
[BlackTeam "Gruen-Weiss Wismar"]
[WhiteTeamCountry "GER"]
[BlackTeamCountry "GER"]

1. e4 c5 2. Nf3 Nc6 3. c3 d5 4. exd5 Qxd5 5. d4 cxd4 6. cxd4 e5 7. dxe5 Qxd1+
8. Kxd1 Bg4 9. Bb5 O-O-O+ 10. Bd2 Nxe5 11. Ke2 Bc5 12. Rc1 Rd5 13. b4 a6 14.
Ba4 b5 15. Bb3 Nd3 16. Rxc5+ Rxc5 17. bxc5 Nxc5 18. Bxf7 Nf6 19. Be3 Nce4 20.
Nbd2 Nc3+ 21. Kf1 Rf8 22. Bb3 Kb7 23. Bd4 b4 24. Bc5 Rc8 25. Bxb4 Ncd5 26. Bd6
Rc3 27. Be5 Rc8 28. Rb1 Ra8 29. Nc4 Bf5 30. Rd1 Be4 31. Bxf6 Nxf6 32. Nd6+ 1-0

[Event "VL18/19"]
[Site "Mecklenburg-Vorpommern"]
[Date "2018.11.11"]
[Round "2.2"]
[White "Kliewe, Hans Juergen"]
[Black "Ruesch, Hans Joachim"]
[Result "1/2-1/2"]
[WhiteElo "2043"]
[BlackElo "1959"]
[PlyCount "58"]
[EventDate "2018.??.??"]
[EventType "team-tourn"]
[EventRounds "9"]
[EventCountry "GER"]
[WhiteTeam "Gruen-Weiss Wismar"]
[BlackTeam "SFO Warnemuende"]
[WhiteTeamCountry "GER"]
[BlackTeamCountry "GER"]

1. d4 g6 2. Nf3 Bg7 3. Bf4 Nf6 4. e3 d6 5. Be2 O-O 6. h3 Nbd7 7. O-O Nh5 8. Bh2
e5 9. c4 Qe7 10. Nc3 c6 11. Re1 Nhf6 12. Rc1 a6 13. b4 e4 14. Nd2 d5 15. cxd5
cxd5 16. Qb3 Nb6 17. a4 Be6 18. a5 Nc4 19. Nxc4 dxc4 20. Bxc4 Bxc4 21. Qxc4
Rfc8 22. Qb3 Bf8 23. Na2 Qd7 24. Nc3 Qc6 25. Be5 Nd7 26. Qb1 Qe6 27. Bg3 Rc4
28. d5 Qf5 29. d6 Ne5 1/2-1/2

[Event "VL18/19"]
[Site "Mecklenburg-Vorpommern"]
[Date "2018.11.11"]
[Round "2.3"]
[White "Hamann, Dirk"]
[Black "Littke, Helmut"]
[Result "1/2-1/2"]
[WhiteElo "1880"]
[BlackElo "1938"]
[PlyCount "46"]
[EventDate "2018.??.??"]
[EventType "team-tourn"]
[EventRounds "9"]
[EventCountry "GER"]
[WhiteTeam "SFO Warnemuende"]
[BlackTeam "Gruen-Weiss Wismar"]
[WhiteTeamCountry "GER"]
[BlackTeamCountry "GER"]

1. e4 c5 2. Nf3 Nc6 3. d4 cxd4 4. Nxd4 e6 5. Nc3 Qc7 6. Be2 a6 7. O-O Nf6 8.
Kh1 Be7 9. f4 d6 10. Bf3 Bd7 11. Be3 O-O 12. Nce2 Rac8 13. c3 Na5 14. Ng3 Nc4
15. Bc1 b5 16. Rb1 Na5 17. Be3 Nc6 18. Qd2 Nxd4 19. Bxd4 Bc6 20. Rfd1 Rfd8 21.
Qf2 Qb7 22. e5 dxe5 23. fxe5 Ne4 1/2-1/2

[Event "VL18/19"]
[Site "Mecklenburg-Vorpommern"]
[Date "2018.11.11"]
[Round "2.4"]
[White "Junggebauer, Thomas"]
[Black "Boecking, Uwe"]
[Result "1-0"]
[WhiteElo "1902"]
[BlackElo "1721"]
[PlyCount "49"]
[EventDate "2018.??.??"]
[EventType "team-tourn"]
[EventRounds "9"]
[EventCountry "GER"]
[WhiteTeam "Gruen-Weiss Wismar"]
[BlackTeam "SFO Warnemuende"]
[WhiteTeamCountry "GER"]
[BlackTeamCountry "GER"]

1. e4 c5 2. Nf3 e6 3. d4 cxd4 4. Nxd4 a6 5. Nc3 Qc7 6. Be2 Nf6 7. Bg5 Bb4 8. f3
Bxc3+ 9. bxc3 Qxc3+ 10. Kf2 Nc6 11. Be3 Nxd4 12. Bxd4 Qc7 13. c4 d6 14. Qb3 Bd7
15. Bb6 Qc6 16. Rhd1 O-O 17. Rd2 Ne8 18. Rad1 e5 19. c5 Be6 20. Qe3 f5 21. exf5
dxc5 22. fxe6 Qxb6 23. Bc4 Kh8 24. e7 Rf6 25. Rd8 1-0

[Event "VL18/19"]
[Site "Mecklenburg-Vorpommern"]
[Date "2018.11.11"]
[Round "2.5"]
[White "Schmidt, Reinhard"]
[Black "Schulz, Bernd"]
[Result "1/2-1/2"]
[WhiteElo "1777"]
[BlackElo "1846"]
[PlyCount "43"]
[EventDate "2018.??.??"]
[EventType "team-tourn"]
[EventRounds "9"]
[EventCountry "GER"]
[WhiteTeam "SFO Warnemuende"]
[BlackTeam "Gruen-Weiss Wismar"]
[WhiteTeamCountry "GER"]
[BlackTeamCountry "GER"]

1. e4 e5 2. Bc4 Nf6 3. d3 Nc6 4. Nc3 h6 5. Nge2 Bc5 6. Be3 Bxe3 7. fxe3 Na5 8.
Bb3 Nxb3 9. axb3 d5 10. Nxd5 Nxd5 11. exd5 Qxd5 12. O-O Bg4 13. Nc3 Qd7 14. Qe1
f6 15. e4 a6 16. Qf2 Qd4 17. Ra4 Qxf2+ 18. Kxf2 O-O-O 19. Ra5 Be6 20. Ke3 Rhf8
21. Rf2 Rde8 22. Ra1 1/2-1/2